Entry Personal Name
Number of records used in: 1
001 - CONTROL NUMBER
003 - CONTROL NUMBER IDENTIFIER
005 - DATE AND TIME OF LATEST TRANSACTION
- control field:
20230916132755.0
008 - FIXED-LENGTH DATA ELEMENTS
- fixed length control field:
920326n| acannaab| |n aaa |||
010 ## - LIBRARY OF CONGRESS CONTROL NUMBER
- LC control number:
n 92033891
040 ## - CATALOGING SOURCE
- Original cataloging agency:
DLC
- Transcribing agency:
DLC
100 10 - HEADING--PERSONAL NAME
- Personal name:
Dennis, Barbara,
- Dates associated with a name:
1942-
670 ## - SOURCE DATA FOUND
- Source citation:
Her Charlotte Yonge (1823-1901), 1992:
- Information found:
CIP t.p. (Barbara Dennis) data sheet (b. 02-05-42)
670 ## - SOURCE DATA FOUND
- Source citation:
LC data base, 03-26-92
- Information found:
(hdg: Dennis, Barbara, 1942- )